000
00348nam a2200145Ia 4500
008
181130s2018 xx 000 0 und d
100
_a
Jeyanthi, P. Mary
245
_a
Thinking inside the box
260
_c
2018
300
_a
p.67-69.
504
_d
Jun
650
_a
Decision making
773
_a
Indian Management
906
_a
Decision making
999
_c
506744
_d
506744